<?xml version="1.0" encoding="UTF-8"?>
<record
    xmlns:xsi="http://www.w3.org/2001/XMLSchema-instance"
    xsi:schemaLocation="http://www.loc.gov/MARC21/slim http://www.loc.gov/standards/marcxml/schema/MARC21slim.xsd"
    xmlns="http://www.loc.gov/MARC21/slim">

  <leader>00672nam a2200229Ia 4500</leader>
  <controlfield tag="003">IMU CC</controlfield>
  <controlfield tag="005">20260213113936.0</controlfield>
  <controlfield tag="008">251028s2014||||xx |||||||||||||| ||und||</controlfield>
  <datafield tag="020" ind1=" " ind2=" ">
    <subfield code="a">9781856098571</subfield>
  </datafield>
  <datafield tag="040" ind1=" " ind2=" ">
    <subfield code="a">IMU CC</subfield>
  </datafield>
  <datafield tag="082" ind1=" " ind2=" ">
    <subfield code="2">23</subfield>
    <subfield code="a">623.8503</subfield>
    <subfield code="b">HAL</subfield>
  </datafield>
  <datafield tag="100" ind1=" " ind2=" ">
    <subfield code="a">Hall, Dennis T</subfield>
    <subfield code="9">2677</subfield>
  </datafield>
  <datafield tag="245" ind1=" " ind2="0">
    <subfield code="a">Practical marine electrical knowledge / </subfield>
    <subfield code="c">Dennis T. Hall.</subfield>
  </datafield>
  <datafield tag="250" ind1=" " ind2=" ">
    <subfield code="a">4th ed. </subfield>
  </datafield>
  <datafield tag="260" ind1=" " ind2=" ">
    <subfield code="a">Livingston : </subfield>
    <subfield code="b">Witherby, </subfield>
    <subfield code="c">2019. </subfield>
  </datafield>
  <datafield tag="300" ind1=" " ind2=" ">
    <subfield code="a">vi, 256 p. : </subfield>
    <subfield code="b">ill. ; </subfield>
    <subfield code="c">30 cm. </subfield>
  </datafield>
  <datafield tag="650" ind1=" " ind2=" ">
    <subfield code="a">Ship propulsion, Electric. </subfield>
    <subfield code="9">2678</subfield>
  </datafield>
  <datafield tag="650" ind1=" " ind2=" ">
    <subfield code="a">Ships--Electric equipment. </subfield>
    <subfield code="9">2679</subfield>
  </datafield>
  <datafield tag="650" ind1=" " ind2=" ">
    <subfield code="a">Ships--Electronic equipment. </subfield>
    <subfield code="9">2680</subfield>
  </datafield>
  <datafield tag="856" ind1=" " ind2=" ">
    <subfield code="y">BK</subfield>
  </datafield>
  <datafield tag="942" ind1=" " ind2=" ">
    <subfield code="2">ddc</subfield>
    <subfield code="c">RT</subfield>
  </datafield>
  <datafield tag="999" ind1=" " ind2=" ">
    <subfield code="c">10323</subfield>
    <subfield code="d">10323</subfield>
  </datafield>
  <datafield tag="952" ind1=" " ind2=" ">
    <subfield code="0">0</subfield>
    <subfield code="1">0</subfield>
    <subfield code="2">ddc</subfield>
    <subfield code="4">0</subfield>
    <subfield code="7">0</subfield>
    <subfield code="a">IMUS</subfield>
    <subfield code="b">IMUS</subfield>
    <subfield code="c">GEN</subfield>
    <subfield code="d">2025-10-28</subfield>
    <subfield code="e">M/s.Sterling Book House; INV/4874 Dt.06.10.2025</subfield>
    <subfield code="g">8949.00</subfield>
    <subfield code="l">0</subfield>
    <subfield code="o">623.8503 HAL</subfield>
    <subfield code="p">23936</subfield>
    <subfield code="r">2025-10-28 11:11:00</subfield>
    <subfield code="w">2025-10-28</subfield>
    <subfield code="y">RT</subfield>
  </datafield>
  <datafield tag="952" ind1=" " ind2=" ">
    <subfield code="0">0</subfield>
    <subfield code="1">0</subfield>
    <subfield code="2">ddc</subfield>
    <subfield code="4">0</subfield>
    <subfield code="7">0</subfield>
    <subfield code="a">IMUS</subfield>
    <subfield code="b">IMUS</subfield>
    <subfield code="c">GEN</subfield>
    <subfield code="d">2025-11-04</subfield>
    <subfield code="e">M/s. T V Enterprises; 414/25-26 Dt.13.10.2025</subfield>
    <subfield code="g">8749.00</subfield>
    <subfield code="l">0</subfield>
    <subfield code="o">623.8503 HAL</subfield>
    <subfield code="p">24115</subfield>
    <subfield code="r">2025-11-04 17:21:25</subfield>
    <subfield code="w">2025-11-04</subfield>
    <subfield code="y">RT</subfield>
  </datafield>
  <datafield tag="952" ind1=" " ind2=" ">
    <subfield code="0">0</subfield>
    <subfield code="1">0</subfield>
    <subfield code="2">ddc</subfield>
    <subfield code="4">0</subfield>
    <subfield code="7">0</subfield>
    <subfield code="a">IMUS</subfield>
    <subfield code="b">IMUS</subfield>
    <subfield code="c">GEN</subfield>
    <subfield code="d">2025-11-04</subfield>
    <subfield code="e">M/s. T V Enterprises; 414/25-26 Dt.13.10.2025</subfield>
    <subfield code="g">8749.00</subfield>
    <subfield code="l">0</subfield>
    <subfield code="o">623.8503 HAL</subfield>
    <subfield code="p">24116</subfield>
    <subfield code="r">2025-11-04 17:21:25</subfield>
    <subfield code="w">2025-11-04</subfield>
    <subfield code="y">RT</subfield>
  </datafield>
  <datafield tag="952" ind1=" " ind2=" ">
    <subfield code="0">0</subfield>
    <subfield code="1">0</subfield>
    <subfield code="2">ddc</subfield>
    <subfield code="4">0</subfield>
    <subfield code="7">0</subfield>
    <subfield code="a">IMUS</subfield>
    <subfield code="b">IMUS</subfield>
    <subfield code="c">GEN</subfield>
    <subfield code="d">2025-11-04</subfield>
    <subfield code="e">M/s. T V Enterprises; 414/25-26 Dt.13.10.2025</subfield>
    <subfield code="g">8749.00</subfield>
    <subfield code="l">0</subfield>
    <subfield code="o">623.8503 HAL</subfield>
    <subfield code="p">24117</subfield>
    <subfield code="r">2025-11-04 17:21:25</subfield>
    <subfield code="w">2025-11-04</subfield>
    <subfield code="y">RT</subfield>
  </datafield>
  <datafield tag="952" ind1=" " ind2=" ">
    <subfield code="0">0</subfield>
    <subfield code="1">0</subfield>
    <subfield code="2">ddc</subfield>
    <subfield code="4">0</subfield>
    <subfield code="7">0</subfield>
    <subfield code="a">IMUS</subfield>
    <subfield code="b">IMUS</subfield>
    <subfield code="c">GEN</subfield>
    <subfield code="d">2025-11-12</subfield>
    <subfield code="e">M/s.Sterling Book House; INV/5234 Dt.24.10.2025</subfield>
    <subfield code="g">8764.00</subfield>
    <subfield code="l">0</subfield>
    <subfield code="o">623.8503 HAL</subfield>
    <subfield code="p">24205</subfield>
    <subfield code="r">2025-11-12 15:52:11</subfield>
    <subfield code="w">2025-11-12</subfield>
    <subfield code="y">RT</subfield>
  </datafield>
</record>
